000 00802nas a2200253 4500
001 BR9607100
003 BR-BrBNA
005 20231205095937.0
007 ta
008 230509b bl.|||p| |||| 00| 00por d
040 _aBR-BrBNA
_bpor
_cBiblioteca Nacional de Agricultura
041 _a(Pt)
072 _aL73
100 1 _aBrito, M. de F.
100 1 _aPimentel Neto, M.
100 1 _aMontes, B.M.P.
245 1 _aAspectos clinicos em caprinos infestados experimentalmente por Oesophagostomum columbianum (Curtice, 1890)
650 _aCaprino
650 _aNematoide
650 _aInfeccao
773 0 _tRevista Brasileira de Medicina Veterinaria (Brazil)
_xISSN 0100-2430
_g(Jan-Feb 1996), v. 18(1) p. 33-43
_wBR9607100
909 _a202311
_bLúcia
_c55
_dLúcia Elande
942 _2AGRIS
_n0
_cANA
999 _c153589
_d153589